Similar Countries to Each Other - Statistics

General Stats
  • This quiz has been taken 16 times
  • The average score is 17 of 20
Answer Stats
Country Most Similar Similarity % Correct
Bulgaria Serbia 82.4
100%
Croatia Slovenia 83.4
100%
Argentina Uruguay 81.2
100%
Switzerland Austria 82.6
92%
Türkiye Azerbaijan 75.5
92%
France Belgium 84.6
92%
Armenia Georgia 73.2
92%
UK Ireland 83.1
92%
Estonia Latvia 82.6
92%
Hungary Slovakia 81.1
92%
Qatar UAE 88.7
92%
Panama Costa Rica 83.4
85%
Greece Cyprus 80.9
85%
Singapore Malaysia 67.8
85%
Denmark Norway 82.6
85%
South Africa Botswana 76.2
77%
Mongolia Kazakhstan 66.3
77%
Myanmar Cambodia 69.0
69%
Yemen Sudan 73.6
62%
Israel Tunisia 63.3
31%
No matching quizzes found
Score Distribution
Percent of People with Each Score
Percentile by Number Answered
Your Score History
You have not taken this quiz